| 000 | 00831nam a2200289 a 4500 | ||
|---|---|---|---|
| 003 | AR-BaBNM | ||
| 005 | 20251128205520.0 | ||
| 008 | 082120s2002 ||||||||||||||000 | spa|| | ||
| 020 | _a84-7232-647-0 | ||
| 040 | _cAR-BaBNM | ||
| 110 | 1 |
_aEspaña _bMinisterio de Comerico y Turismo |
|
| 245 | 0 | 0 | _aLa artesanía iberoamericana en la Europa del 93 |
| 260 |
_aMadrid _bAgencia Española de Cooperación Internacional _c[1993] |
||
| 300 |
_a613 p. _btablas |
||
| 650 | 4 | _aARTES TEXTILES | |
| 650 | 4 | _aARTESANIAS | |
| 650 | 4 | _aENSEÑANZA DE LA ARTESANIA | |
| 650 | 4 | _aARTESANOS | |
| 650 | 4 | _aARTE POPULAR | |
| 650 | 4 | _aVOCABULARIO | |
| 650 | 4 | _aCOSTUMBRES Y TRADICIONES | |
| 651 | 4 | _aIBEROAMERICA | |
| 651 | 4 | _aCOMUNIDAD EUROPEA | |
| 710 | 1 |
_aEspaña _bComisión Quinto Centenario |
|
| 942 | _cBK | ||
| 998 | _cMariana | ||
| 999 |
_c11706 _d11706 |
||